000 00540nam a22001817a 4500
005 20240305111144.0
008 240305b ||||| |||| 00| 0 eng d
040 _aSSBUL
_cSSBUL
082 _223
_a294.34435
_b Ko 21509 S-SAT
100 _aKo Lay, U
_95476
245 1 0 _aManual of Vipassana meditation /
_cU Ko Lay.
260 _aIndia :
_bVipassana Research Institute,
_c2002.
300 _a119 pages ;
_c22 cm.
500 _aS-SAT: Prof. Sai Aung Tun
650 _aVipassana
_931447
650 _aMeditation
_xBuddhism
942 _2ddc
_cBK1
999 _c32328
_d32328